Návrh opatrení na znižovanie fluktuácie a absencií zamestnancov vo vybranom priemyselnom podniku

Gespeichert in:
Bibliographische Detailangaben
1. Verfasser: Mihoková, Lucia (Verfasst von)
Weitere Verfasser: Baran, Dušan (Betreuung Doktorarbeit)
Format: Manuskript Buch
Sprache:Slowakisch
Veröffentlicht: 2016
Schlagworte:
Online-Zugang:http://is.stuba.sk/zp/portal_zp.pl?podrobnosti=106201
Tags: Tag hinzufügen
Keine Tags, Fügen Sie das erste Tag hinzu!

MARC

LEADER 00000ntm a22000003a 4500
001 stuzp56656
003 SK-STU
005 20160719155045.4
007 ta
008 150427s2015----xo-----f-mn---000-0-slo-d
040 |a STU  |b slo 
041 0 |a slo 
100 1 |a Mihoková, Lucia  |u 064000  |4 aut  |U MTF Materiálovotechnologická fakulta  |T MTF Ústav priemyselného inžinierstva a manažmentu  |X 7492  |U M4000  |Y 84  |7 7492 
242 0 1 |a A Draft of Measures To Reduce Turnover and Absenteeism of Employees in a Selected Industrial Enterprise  |y eng 
245 1 0 |a Návrh opatrení na znižovanie fluktuácie a absencií zamestnancov vo vybranom priemyselnom podniku 
260 |c 2016 
650 4 |a personálny manažment  |2 slo 
650 4 |a ľudské zdroje  |2 slo 
650 4 |a fluktuácia  |2 slo 
650 4 |a human resources  |2 eng 
650 4 |a employee turnover  |2 eng 
650 4 |a personnel management  |2 eng 
700 1 |a Baran, Dušan  |u 064000  |k Z1  |4 ths  |U MTF Materiálovotechnologická fakulta  |T MTF Ústav priemyselného inžinierstva a manažmentu  |X 1021  |U M4000  |Y 84  |7 A000001021 
856 4 |u http://is.stuba.sk/zp/portal_zp.pl?podrobnosti=106201 
996 |c M* BP-7794  |l MMSKP  |s P  |a 0  |w stuzp56656_0001 
SQL |a stuzp56656  |b DBP  |c SLO  |d Návrh opatrení na znižovanie fluktuácie a absencií zamestnancov vo vybranom priemyselnom podniku  |e 7492  |f Mihoková, Lucia  |g 064000  |h 1021  |i Baran, Dušan  |j 20160623  |k 173  |l 06  |m http://is.stuba.sk/zp/portal_zp.pl?podrobnosti=106201  |n B-PPP  |o 5.2.52. priemyselné inžinierstvo